000 00707nam a2200229Ia 4500
005 20230811151138.0
008 131103s9999 xx 000 0 und d
040 _aLoreto College
041 _aEnglish
082 _a920
_bPAS-VAL
100 _aVallery - Radot, Rene
245 4 _aThe life of Pasteur
_cRene Vallery-Radot;translated from the French by R.L.Devonshire; with an introduction by William Osler Bart
260 _aLondon
_bConstable & Co.
_c1901 (1948 printing)
300 _axxi,484 p.
504 _aIncludes index
630 _aScientist - Biography
650 _aPasteur,Louis-Biography
651 _aBiography
700 _4tr.
_aDevenshire,R.L.
850 _aLCLIB
942 _cBK
999 _c13863
_d64342